00282nam a2200121Ia 45000030006000000080041000060400015000471000026000622450034000882600009001225460012001310050017001430STCL150530s9999 xx 000 0 und d aSTCLcSTCL aCochu Sankaran Vaidar aAyurvedha Oushadhi Dictionary c1950 aEnglish20220125170649.0